|
|
|
|
| LEADER |
00000cac a2200000 a 4500 |
| 003 |
Ucuenca |
| 005 |
20230308171414.0 |
| 008 |
007111|2007 mx |||||r|||||||||||spa|| |
| 020 |
|
|
|a 9789686802269
|
| 040 |
|
|
|b spa
|
| 041 |
0 |
|
|a spa
|
| 082 |
0 |
|
|a 378
|
| 100 |
1 |
|
|a Rama Vitale, Claudio
|9 61380
|
| 245 |
|
4 |
|a Los postgrados en América Latina y el Caribe en la sociedad del conocimiento
|c Claudio Rama Vitale
|h imp
|
| 264 |
|
|
|a México
|b Unión de Universidades de América Latina y el Caribe
|c 2007
|
| 300 |
|
|
|a 277 páginas:
|b tab
|c 20.5 cm
|
| 490 |
|
|
|a Idea Latinoamericana
|n no. 6
|
| 504 |
|
|
|a incl. ref.
|
| 650 |
|
0 |
|a Postgrados
|9 144764
|
| 650 |
1 |
0 |
|a Propiedad intelectual
|9 16270
|
| 650 |
1 |
4 |
|a Universidades latinoamericanas
|9 31772
|
| 650 |
1 |
0 |
|a Educación superior
|9 194704
|
| 852 |
|
|
|a UC-CDJBV
|f Donación
|l 1
|m General
|p 20071112
|q 1
|r 2
|t si2835
|b 0
|d CDRC
|e CDRC
|g 378 PRIMER PISO
|z 2007-71-11
|
| 942 |
|
|
|c CR
|
| 999 |
|
|
|c 35980
|d 35980
|